| 000 | 00380cam a22001097a 4500 | ||
|---|---|---|---|
| 008 | 180718b1954 xxu||||| |||| 00| 0 eng d | ||
| 082 | _aZ41203x5451/H995 | ||
| 245 |
_aThe Hyderabad tenancy and agricultural lands act no xxi of 1950 _cby Board of Revenue, Andhra Pradesh |
||
| 260 |
_aHyderabad _bGovernment Press _c1954 |
||
| 300 | _a46+p. | ||
| 700 | _aAndhra Pradesh. Board of Revenue | ||
| 999 |
_c427491 _d427491 |
||